Методы геологической съемки (Полевая геология): учебное пособие для втузов

Chi tiết về thư mục
Tác giả chính: Вебер В. Н.
Tóm tắt:„Методы геологической съемки" проф. Валерьяна Николаевича Вебера являются 2-м значительно переработанным изданием „Геологической съемки" 1933 г. Настоящее издание дополнено; значительно расширен иллюстративный материал. В книге изложены: методика геологической съемки, анализ обнажений, техника полевой работы, подготовка к полевой работе и обработка материала. Книга является учебным пособием для студентов геолого-разведочных втузов и геологических специальностей вузов, а также для молодых инженеров-геологов и работников горной специальности, знакомых с основными курсами геологии (физическая геология, учение о фациях и т. п.).
Ngôn ngữ:Tiếng Nga
Được phát hành: Ленинград, Горгеонефтеиздат, 1934
Phiên bản:2-е изд., доп.
Những chủ đề:
Định dạng: MixedMaterials Sách
KOHA link:https://koha.lib.tpu.ru/cgi-bin/koha/opac-detail.pl?biblionumber=230805

MARC

LEADER 00000nam0a2200000 4500
001 230805
005 20231101231029.0
035 |a (RuTPU)RU\TPU\book\251771 
090 |a 230805 
100 |a 20130125d1934 m y0rusy50 ca 
101 0 |a rus 
102 |a RU 
105 |a a j 001zy 
200 1 |a Методы геологической съемки (Полевая геология)  |e учебное пособие для втузов  |f В. Н. Вебер 
205 |a 2-е изд., доп. 
210 |a Ленинград  |c Горгеонефтеиздат  |d 1934 
215 |a 220 с.  |c ил. 
316 |5 63413507: КР-7117  |a На титульном листе надпись: "Куплена от Аммосова. И. Аммосов" 
317 |5 63413507: КР-483  |a Поступила в НТБ в 2004 г. в составе книжного собрания профессора ТПИ К. В. Радугина 
317 |5 63413507: КР-7117  |a Поступил в НТБ в 2004 г. в составе книжного собрания кафедры общей геологии 
320 |a Библиогр. в примеч. 
330 |a „Методы геологической съемки" проф. Валерьяна Николаевича Вебера являются 2-м значительно переработанным изданием „Геологической съемки" 1933 г. Настоящее издание дополнено; значительно расширен иллюстративный материал. В книге изложены: методика геологической съемки, анализ обнажений, техника полевой работы, подготовка к полевой работе и обработка материала. Книга является учебным пособием для студентов геолого-разведочных втузов и геологических специальностей вузов, а также для молодых инженеров-геологов и работников горной специальности, знакомых с основными курсами геологии (физическая геология, учение о фациях и т. п.). 
606 1 |a Геологическая съемка  |2 stltpush  |3 (RuTPU)RU\TPU\subj\6039  |9 34003 
610 1 |a полевая геология 
610 1 |a учебные пособия 
610 1 |a геологические карты 
610 1 |a полевая работа 
610 1 |a топографическая геология 
610 1 |a техника полевой работы 
610 1 |a полевой режим 
610 1 |a полевой материал 
610 1 |a обработка 
610 1 |a Библиотека К. В. Радугина 
610 1 |a владельческие знаки 
610 1 |a Коллекция кафедры общей геологии 
610 1 |a дары библиотеке 
675 |a 550.8:528  |v 3 
700 1 |a Вебер  |b В. Н. 
801 1 |a RU  |b 63413507  |c 20130125 
801 2 |a RU  |b 63413507  |c 20220407  |g RCR 
942 |c BK